000 00280nam a2200109Ia 4500
008 220713s9999 xx 000 0 und d
020 _a978 1 920069 04 9
082 _aJR 305.8096 SISW
100 _aNo author, editors only
245 4 _aThe SiSwati-speaking People
942 _cBK
_y561
_zJohn Tresidder
999 _c692881
_d692880